| 000 | 01452cam a2200433 4500 | ||
|---|---|---|---|
| 001 | 22742 | ||
| 003 | SK-KTurca | ||
| 005 | 20260422152932.0 | ||
| 008 | 210202s2018 xo gr 010 fdslo | ||
| 015 | _aSNBA2019/05 | ||
| 020 |
_a9788056902752 _q(viazané) |
||
| 035 | _aBA4EDDC3-86E5-4FC3-A65D-3563F119E150 | ||
| 035 | _aurn:nbn:sk:snk-am3ieo1 | ||
| 035 | _aurn:nbn:sk:snk-am00e74j | ||
| 040 |
_aPOKPOH _bslo _cPOKPOH _dSNK _erda |
||
| 041 | 0 | _aslo | |
| 044 |
_axo _cSK |
||
| 072 | 7 |
_a821.162.4-3 _xSlovenská próza _2konspekt |
|
| 080 |
_a821.162.4-31 _22011 |
||
| 080 |
_a(0:82-311.1) _22011 |
||
| 080 |
_a(0:82-312.4) _22011 |
||
| 100 | 1 |
_aHoletzová, Katarína, _d1988- _4aut |
|
| 245 | 1 | 0 |
_aSpráva od mŕtveho chlapca _cKatarína Holetzová |
| 250 | _a1. vydanie | ||
| 264 | 1 |
_aBratislava _bMarenčin PT _c2018 |
|
| 300 |
_a298 strán _c21 cm |
||
| 336 |
_atext _btxt _2rdacontent |
||
| 337 |
_abez média _bn _2rdamedia |
||
| 338 |
_azväzok _bnc _2rdacarrier |
||
| 500 | _aNa obálke: Psychologický triler. Aféra učiteľky a študenta prerastie v nebezpečnú hru | ||
| 500 | _aObsahuje biografické údaje o autorke na prebale publikácie | ||
| 655 | 7 |
_aslovenské romány _2SNKPH |
|
| 655 | 7 |
_apsychologické romány _2SNKPH |
|
| 655 | 7 |
_atrilery (romány) _2SNKPH |
|
| 655 | 7 |
_aSlovak fiction _2SNKPHeng |
|
| 655 | 7 |
_aPsychological novels _2SNKPHeng |
|
| 655 | 7 |
_aThrillers (novels) _2SNKPHeng |
|
| 942 |
_2ddc _cKLDO _n0 |
||
| 999 |
_c22742 _d22742 |
||